|
|
|
|
| LEADER |
01002nam a2200265 a 4500 |
| 001 |
17087455 |
| 003 |
BD-DhAAL |
| 008 |
120719s2013 caua b 001 0 eng |
| 010 |
|
|
|a 2011050632
|
| 020 |
|
|
|a 9781412992428 (pbk.)
|
| 040 |
|
|
|a DLC
|c DLC
|d BD-DhAAL
|
| 042 |
|
|
|a pcc
|
| 082 |
0 |
0 |
|a 658.3
|2 23
|
| 100 |
1 |
|
|a Lussier, Robert N.
|9 40116
|
| 245 |
1 |
0 |
|a Human resource management :
|b functions, applications, skill development /
|c Robert N. Lussier, John R. Hendon.
|
| 260 |
|
|
|a Thousand Oaks :
|b SAGE Publications,
|c c2013.
|
| 300 |
|
|
|a pxxix, 588 p. :
|b col. ill. ;
|c 29 cm.
|
| 504 |
|
|
|a Includes bibliographical references and index.
|
| 541 |
|
|
|e 00025644
|
| 650 |
|
0 |
|a Personnel management.
|
| 700 |
1 |
|
|a Hendon, John R.
|9 53529
|
| 852 |
1 |
|
|a Ayesha Abed Library
|c General Shelf.
|
| 942 |
|
|
|2 ddc
|c BK
|
| 999 |
|
|
|c 12581
|d 12581
|
| 952 |
|
|
|0 0
|1 0
|2 ddc
|4 0
|6 658_300000000000000_LUS
|7 0
|9 20766
|a IGS
|b IGS
|d 2012-07-19
|e Trim Education
|g 5845.00
|l 1
|m 3
|o 658.3 LUS
|p 3010025644
|r 2014-06-09
|s 2012-12-31
|t 1
|w 2012-07-19
|y BK
|